000 00484nam a2200181Ia 4500
001 60700
008 080105n ii |||gr||||Z||||||465
020 _a9788186307397
082 _a305.8954
100 _aMahanta, Juri,
_eAuthor.,
245 0 _aSingphos of North-East India
_cby Juri Mahanta
_hTextual Documents
250 _aFirst ed.
260 _aGauhati:
_bDVS Publishers,
_c2011.
300 _ax, 88pg:
_c23cm.
653 _aNE section
653 _aSingphos
942 _2ddc
_cBK
999 _c61828
_d61828